| 000 | 00518nam a2200181Ia 4500 | ||
|---|---|---|---|
| 999 |
_c1640 _d1640 |
||
| 003 | OSt | ||
| 005 | 20200923145746.0 | ||
| 008 | 190216s9999||||xx |||||||||||||| ||und|| | ||
| 020 | _a8122407838 | ||
| 040 | _coclc | ||
| 082 |
_a576 _bGUN/L |
||
| 100 |
_aGunasekaran, P _94900 |
||
| 245 | 0 |
_aLaboratory Manual In Microbiology / _cP Gunasekaran |
|
| 260 |
_bNew Age International Publishers, _aNew Delhi: _c1996. |
||
| 300 | _a138p | ||
| 650 | _aBotany | ||
| 942 |
_cBK _2ddc _h576 _iGUN/L _k576 _mGUN/L |
||